000 00898nam a2200241Ia 4500
003 OSt
005 20220918110758.0
006 a|||||r|||| 00| 0
007 ta
008 220915b |||||||| |||| 00| 0 hin d
024 _a161366
037 _cReference Collections
040 _aARTS
_cARTS
_bhin
041 _2hin
_ahin
082 _aNR44:(P:4)k, 152L5(RR)
100 _aरायचौधरी, बिमलाकान्त
_99527
245 0 _aभारतीय संगीत कोश, दयलाल वर्मा अनु0
246 _aBhāratīya sangīt kosha, dayalāl varmā anu0
260 _aदिल्ली
_bभारतीय ज्ञानपीठ
_c1975
300 _a255 पृ0
942 _hNR44:(P:4)k, 152L5(RR)
_cREF
999 _c114664
_d114664